Perl for system administration

Guardat en:
Dades bibliogràfiques
Autor principal: Blank-Edelman, David N (Autor)
Format: Llibre
Idioma:anglès
Publicat: Beijing O'Reilly 2000
Matèries:
Etiquetes: Afegir etiqueta
Sense etiquetes, Sigues el primer a etiquetar aquest registre!

MARC

LEADER 00000nam a2200000 a 4500
001 UCM0130
003 CL-VaPUC
008 020125e20000000CH |||||||||||||||||eng|d
082 0 4 |a 005.133  |b BLA  |2 21 
100 0 |a Blank-Edelman, David N  |e author  |9 466813 
245 1 0 |a Perl for system administration 
300 |a 430 p 
942 |c BK 
945 |d 20020125 00:00:00  |a vberengu 
260 |a Beijing  |b O'Reilly  |c 2000 
650 0 |a Lenguajes de programación   |9 259458 
583 |a last modification  |c 20020125 00:00:00  |k Rodrigo Vera 
999 |c 299181  |d 299179 
952 |0 0  |1 0  |4 0  |6 005_133000000000000_BLA_2000  |7 0  |8 A  |9 355392  |a BIBING  |b BIBING  |d 2019-11-21  |i 3789802  |o 005.133 BLA 2000  |p 3789802  |r 2025-01-20  |w 2019-11-21  |y BK  |k CCI